000 00579nam a2200169 a 4500
001 000031721
005 20200930063129.0
008 110630s2000 dr c 000 j spa d
040 _aDO-SdBNP
_bspa
_cBNPHU
082 _axxx
_bE82t
100 1 _aEstrella Rodríguez, Víctor Antonio
_956960
245 1 3 _aLa tragedia de Rita Celestina... :
_by otros cuentos /
_cVíctor Antonio Estrella Rodríguez ; prólogo de Máximo Vega.
260 _aSanto Domingo :
_bLa Serpiente,
_c2000.
300 _a52 p. :
_bretr. ;
_c20 cm.
700 1 _aVega, Máximo,
_epról.
_922617
049 _aBNPD
999 _c31213
_d31213